Ochrana životného prostredia v ozbrojených konfliktoch bakalárska práca

Enregistré dans:
Détails bibliographiques
Auteur principal: Kuzmiaková, Gabriela
Collectivité auteur: Fakulta medzinárodných vzťahov EU. Katedra medzinárodného práva
Autres auteurs: Hraníková Pyteľová, Klaudia, 1985-
Format: Livre
Langue:slovaque
Publié: Bratislava 2021
Tags: Ajouter un tag
Pas de tags, Soyez le premier à ajouter un tag!

MARC

LEADER 00000nbm a2200000 4500
001 0285119
005 20230426092719.7
041 0 |a slo 
044 |a SK 
245 1 0 |a Ochrana životného prostredia v ozbrojených konfliktoch  |b bakalárska práca  |c Gabriela Kuzmiaková ; školiteľ: Klaudia Hraníková Pyteľová 
264 1 |a Bratislava  |c 2021 
300 |a 48 s. 
100 1 |a Kuzmiaková, Gabriela 
700 1 |a Hraníková Pyteľová, Klaudia, 1985- 
710 2 |a Fakulta medzinárodných vzťahov EU. Katedra medzinárodného práva